ドキリ★ソング - Statistics

General Stats
  • This quiz has been taken 13 times
  • The average score is 20 of 40
Answer Stats
Hint Answer % Correct
唐の僧 〇〇 鑑真
100%
〇〇 伝エル キリスト教 フランシスコ・ザビエル
92%
むらからくにへ 卑弥呼
85%
天下統一ファイヤー! 織田信長
85%
新時代・大化! 中大兄皇子・中臣鎌足
85%
元との戦い 北条時宗
77%
ファースト総理 ファースト憲法 ファースト国家 伊藤博文
77%
歩く、歩く、歩いて 伊能忠敬
77%
新時代がくるぜYO! 坂本龍馬
77%
おれに任せな!E★D★O 徳川家康
69%
源平ウォーズ(戦い) 源義経
69%
誕生!日本風の文学 紫式部・清少納言
62%
ご恩 そして 奉公 源頼朝
62%
関白宣言(〇〇流) 豊臣秀吉
62%
ああ愛しきは江戸の・世・PEOPLE 近松門左衛門
62%
We can stop the 不平等 陸奥宗光・小村寿太郎
62%
みんなで造ろう大仏を 聖武天皇・行基
54%
貴族の政治と暮らし 藤原道長
54%
それは武士から始まった 平清盛
54%
ご恩 そして 奉公 PARTⅡ〜それから〜 北条政子
54%
今に伝わる室町文化 足利義満・足利義政
46%
たぬきおやじだ!〇〇だ! 徳川家康
46%
大名たちよ かしずけ 徳川家光
46%
〇〇が日本にやってきた マシュー・ペリー
46%
日本経済の いぶき 渋沢栄一
38%
へ・い・あ・ん 桓武天皇
38%
戦国の雄たちよ 武田信玄・上杉謙信
38%
幕末セイリング 勝海舟
38%
文明・カイ・歌 福沢諭吉
38%
世界のドンネルおやじ(雷おやじ) 北里柴三郎・野口英世
31%
日出づる国の理想 12そして17 聖徳太子・小野妹子
31%
TOU-BAKU 西郷隆盛・木戸孝允
23%
不正無用 大塩平八郎
23%
自由民権の男 板垣退助・大隈重信
23%
めざめる、明治 大久保利通
15%
時空の旅人・〇〇 歌川広重
15%
自由に生きたいの 平塚らいてう・田中正造
15%
文学 イン マイ ライフ 夏目漱石・樋口一葉
15%
学問は止まらない 杉田玄白・本居宣長
8%
マイウエイ(私の進む道) 雪舟・世阿弥
0%
No matching quizzes found
Score Distribution
Percent of People with Each Score
Percentile by Number Answered
Your Score History
You have not taken this quiz